000
00306nam a22001337a 4500
008
180919b xxu||||| |||| 00| 0 eng d
020
_a
0815176384
041
_a
eng
080
_a
610
100
_a
3
101
_a
SHM
245
_a
Clinical Application Of Blood Gases
_c
Shapiro,B.A
942
_2
udc
_c
BK
999
_c
47991
_d
47991